[Event "Prague Summer op-B 5th"]
[Site "Prague"]
[Date "2018.08.05"]
[Round "3"]
[White "Benes, Petr1111"]
[Black "Guggenheim, Hans Wolfgang"]
[Result "1-0"]
[WhiteElo "2094"]
[BlackElo "1791"]
[PlyCount "63"]
[EventDate "2018.08.03"]
[EventType "swiss"]
[EventRounds "9"]
[EventCountry "CZE"]
[SourceTitle "CBM 186 Extra"]
[Source "ChessBase"]
[SourceDate "2018.08.24"]
[SourceVersion "1"]
[SourceVersionDate "2018.08.24"]
[SourceQuality "1"]

1. g3 g6 2. Bg2 Bg7 3. c4 f5 4. d4 Nf6 5. Nc3 d6 6. Nf3 0-0 7. 0-0 c6 8. Qb3 h6 9. Rd1 Qe8 10. Qa3 e5 11. Qxd6 e4 12. Ne5 Nbd7 13. f4 exf3 14. exf3 Nxe5 15. dxe5 Nh7 16. f4 Be6 17. Qc5 Rf7 18. b3 Bf8 19. Qf2 Rd8 20. Be3 Bb4 21. Na4 b6 22. Rxd8 Qxd8 23. Bxc6 Rc7 24. Bf3 Rd7 25. Qe2 g5 26. Rd1 g4 27. Bd5 Kg7 28. Qb2 Kg6 29. a3 b5 30. Nc3 Bxc3 31. Qxc3 Bxd5 32. cxd5 1-0